[Event "Novi Sad op"]
[Site "Novi Sad"]
[Date "2014.07.03"]
[Round "10"]
[White "Kostic, Vladimir G"]
[Black "Akshat, Chandra"]
[Result "0-1"]
[WhiteElo "2400"]
[BlackElo "2442"]
[PlyCount "74"]
[EventDate "2014.06.27"]
[EventType "swiss"]
[EventRounds "10"]
[EventCountry "SRB"]
[SourceTitle "EXT 2016"]
[Source "ChessBase"]
[SourceDate "2015.10.08"]
[SourceVersion "1"]
[SourceVersionDate "2015.10.08"]
[SourceQuality "1"]

1. e4 c5 2. c3 Nf6 3. e5 Nd5 4. d4 cxd4 5. Nf3 e6 6. cxd4 d6 7. Bc4 Be7 8. 0-0 0-0 9. Qe2 b6 10. Nc3 Nxc3 11. bxc3 Bb7 12. exd6 Bxd6 13. Bd3 Nd7 14. Bb2 Qc7 15. h3 Rae8 16. Ng5 Nf6 17. Rfe1 h6 18. Nf3 Nd5 19. Bb5 Rc8 20. Qf1 Bf4 21. Ba6 Bxa6 22. Qxa6 Qc4 23. Qxc4 Rxc4 24. g3 Bd6 25. Nd2 Rc7 26. c4 Nb4 27. Ba3 Rd8 28. c5 bxc5 29. dxc5 Bxc5 30. Nb3 Bf8 31. Red1 Nd5 32. Bxf8 Kxf8 33. Rac1 Rdc8 34. Rxc7 Rxc7 35. Rb1 f5 36. Nd2 Rc2 37. Nf3 Rxa2 0-1

[Event "Novi Sad op"]
[Site "Novi Sad"]
[Date "2014.07.02"]
[Round "8"]
[White "Lajthajm, Borko"]
[Black "Akshat, Chandra"]
[Result "1/2-1/2"]
[WhiteElo "2526"]
[BlackElo "2442"]
[PlyCount "33"]
[EventDate "2014.06.27"]
[EventType "swiss"]
[EventRounds "10"]
[EventCountry "SRB"]
[SourceTitle "EXT 2016"]
[Source "ChessBase"]
[SourceDate "2015.10.08"]
[SourceVersion "1"]
[SourceVersionDate "2015.10.08"]
[SourceQuality "1"]

1. c4 Nf6 2. Nf3 e6 3. g3 d5 4. Bg2 dxc4 5. Na3 Qd5 6. Qc2 Bxa3 7. bxa3 Nc6 8. Bb2 e5 9. 0-0 e4 10. Ne1 Nd4 11. Bxd4 Qxd4 12. Rb1 0-0 13. Rb4 Be6 14. e3 Qd7 15. f3 Rfd8 16. Rf2 Qc6 17. fxe4 1/2-1/2

[Event "Novi Sad op"]
[Site "Novi Sad"]
[Date "2014.07.01"]
[Round "6"]
[White "Obodchuk, Andrei"]
[Black "Akshat, Chandra"]
[Result "0-1"]
[WhiteElo "2374"]
[BlackElo "2442"]
[PlyCount "70"]
[EventDate "2014.06.27"]
[EventType "swiss"]
[EventRounds "10"]
[EventCountry "SRB"]
[SourceTitle "EXT 2016"]
[Source "ChessBase"]
[SourceDate "2015.10.08"]
[SourceVersion "1"]
[SourceVersionDate "2015.10.08"]
[SourceQuality "1"]

1. d4 Nf6 2. c4 e6 3. Nf3 b6 4. g3 c6 5. Bg2 d5 6. 0-0 Be7 7. Nc3 0-0 8. Ne5 Ba6 9. cxd5 cxd5 10. Bf4 Nfd7 11. Qa4 Nxe5 12. Bxe5 Qd7 13. Qxd7 Nxd7 14. Bf4 g5 15. Be3 b5 16. a4 b4 17. Nb5 Bxb5 18. axb5 Rfb8 19. Rfc1 Bd8 20. Bd2 Rxb5 21. e4 a5 22. exd5 exd5 23. b3 h6 24. Rc6 Kg7 25. h4 Bf6 26. Be3 a4 27. hxg5 hxg5 28. bxa4 b3 29. Bf1 Rb4 30. Ra6 Rxa6 31. Bxa6 Nb6 32. a5 b2 33. Rb1 Nc4 34. Bxc4 dxc4 35. Bd2 Rb3 0-1

[Event "Novi Sad op"]
[Site "Novi Sad"]
[Date "2014.06.30"]
[Round "5"]
[White "Akshat, Chandra"]
[Black "Liou, Yian"]
[Result "0-1"]
[WhiteElo "2442"]
[BlackElo "2387"]
[PlyCount "128"]
[EventDate "2014.06.27"]
[EventType "swiss"]
[EventRounds "10"]
[EventCountry "SRB"]
[SourceTitle "EXT 2016"]
[Source "ChessBase"]
[SourceDate "2015.10.08"]
[SourceVersion "1"]
[SourceVersionDate "2015.10.08"]
[SourceQuality "1"]

1. e4 e5 2. Nf3 Nc6 3. Bb5 a6 4. Ba4 Nf6 5. 0-0 Be7 6. Re1 b5 7. Bb3 d6 8. c3 0-0 9. h3 Nb8 10. d4 Nbd7 11. Nbd2 Bb7 12. Bc2 Re8 13. Nf1 Bf8 14. Ng3 g6 15. b3 Bg7 16. d5 Rc8 17. c4 c6 18. Be3 Nb6 19. Rb1 Qc7 20. Bd3 cxd5 21. cxd5 Nbxd5 22. exd5 e4 23. Be2 exf3 24. Bxf3 Qa5 25. Re2 b4 26. Rd2 Nd7 27. Bg4 Rc7 28. Bxd7 Rxd7 29. Qf3 f5 30. Bf4 Bc3 31. Re2 Rde7 32. Rxe7 Rxe7 33. Rd1 Qxa2 34. Bxd6 Re8 35. Rd3 Qxb3 36. Re3 Qa4 37. Nxf5 gxf5 38. Qxf5 Bg7 39. Rg3 Qa1+ 40. Kh2 Bc8 41. Qf4 b3 42. Rxb3 Qf6 43. Qxf6 Bxf6 44. f4 Bd7 45. g4 Bb5 46. g5 Bd4 47. Rb4 Rd8 48. Rxd4 Rxd6 49. Kg3 Bd7 50. Kf3 Bf5 51. h4 Kf7 52. h5 a5 53. Ke3 Ra6 54. d6 Bd7 55. f5 a4 56. g6+ hxg6 57. fxg6+ Kg7 58. Rh4 Kh6 59. Rh1 Rxd6 60. Rg1 Be6 61. Kf4 Bg8 62. Ke5 Ra6 63. Kd4 a3 64. Kc3 Rb6 0-1

[Event "Novi Sad op"]
[Site "Novi Sad"]
[Date "2014.06.29"]
[Round "3"]
[White "Akshat, Chandra"]
[Black "Drazic, Sinisa"]
[Result "1-0"]
[WhiteElo "2442"]
[BlackElo "2430"]
[PlyCount "177"]
[EventDate "2014.06.27"]
[EventType "swiss"]
[EventRounds "10"]
[EventCountry "SRB"]
[SourceTitle "EXT 2016"]
[Source "ChessBase"]
[SourceDate "2015.10.08"]
[SourceVersion "1"]
[SourceVersionDate "2015.10.08"]
[SourceQuality "1"]

1. e4 c5 2. Nf3 e6 3. d4 cxd4 4. Nxd4 a6 5. Bd3 Ne7 6. 0-0 Nbc6 7. Nxc6 Nxc6 8. c4 Bc5 9. Kh1 e5 10. Nc3 d6 11. f4 exf4 12. Bxf4 0-0 13. Qd2 Bd4 14. Rad1 Bg4 15. Be2 Be6 16. Nd5 Be5 17. Bg5 f6 18. Be3 Rc8 19. b4 Qe8 20. a4 Ne7 21. c5 Bxd5 22. exd5 Qxa4 23. Bg4 f5 24. Bh3 g6 25. Rfe1 a5 26. cxd6 Bxd6 27. Bc5 Qd7 28. Bxd6 Qxd6 29. bxa5 Rcd8 30. g3 Rf6 31. Bg2 f4 32. gxf4 Nf5 33. Re5 Qa3 34. Rde1 b6 35. axb6 Rxb6 36. Qf2 Rb2 37. R5e2 Rxe2 38. Qxe2 Kg7 39. Qe5+ Kh6 40. Qe2 Qb4 41. Rf1 Qd4 42. Qg4 Kg7 43. Rc1 Rd7 44. Re1 Rf7 45. Rd1 Qa4 46. Qe2 Qxf4 47. Qb2+ Kh6 48. Rf1 Qh4 49. Kg1 Qg5 50. Qe5 Re7 51. Qf4 Re2 52. Qxg5+ Kxg5 53. Bf3 Re3 54. Bg2 Rd3 55. Re1 Rd2 56. Be4 h5 57. Bxf5 gxf5 58. d6 Rxd6 59. Re2 h4 60. Kg2 Rd3 61. Re8 Kf4 62. Rh8 h3+ 63. Kf1 Ra3 64. Rh4+ Kg5 65. Rh8 Kg4 66. Rg8+ Kf4 67. Rh8 Ke4 68. Kf2 Rf3+ 69. Ke2 Rc3 70. Kf2 Rc2+ 71. Kg3 f4+ 72. Kxh3 f3 73. Re8+ Kf4 74. Rf8+ Ke3 75. Re8+ Kf2 76. Kg4 Kg2 77. Rf8 f2 78. h4 Rc7 79. h5 Rg7+ 80. Kh4 Rg3 81. Rxf2+ Kxf2 82. h6 Kf3 83. h7 Rg2 84. Kh3 Rg3+ 85. Kh2 Rg2+ 86. Kh1 Rf2 87. h8Q Kg3 88. Qg7+ Kf3 89. Kg1 1-0

[Event "Novi Sad op"]
[Site "Novi Sad"]
[Date "2014.06.28"]
[Round "2"]
[White "Pezelj, Novak"]
[Black "Akshat, Chandra"]
[Result "1/2-1/2"]
[WhiteElo "2390"]
[BlackElo "2442"]
[PlyCount "89"]
[EventDate "2014.06.27"]
[EventType "swiss"]
[EventRounds "10"]
[EventCountry "SRB"]
[SourceTitle "EXT 2016"]
[Source "ChessBase"]
[SourceDate "2015.10.08"]
[SourceVersion "1"]
[SourceVersionDate "2015.10.08"]
[SourceQuality "1"]

1. d4 Nf6 2. Nf3 d5 3. e3 c6 4. c4 e6 5. Nc3 Nbd7 6. Qc2 Bd6 7. Be2 0-0 8. 0-0 dxc4 9. Bxc4 a6 10. Rd1 b5 11. Bd3 Qc7 12. Ne4 Nxe4 13. Bxe4 f5 14. Bd3 c5 15. dxc5 Nxc5 16. b4 Nxd3 17. Qxc7 Bxc7 18. Rxd3 Bb7 19. Bb2 Bd5 20. a3 Rfd8 21. Rc1 Bd6 22. Be5 Rdc8 23. Rxc8+ Rxc8 24. Rc3 Rxc3 25. Bxc3 Bxf3 26. gxf3 Kf7 27. Kf1 g5 28. h3 h5 29. Kg2 h4 30. Bb2 Be7 31. f4 g4 32. hxg4 fxg4 33. f3 g3 34. Kh3 Kg6 35. e4 Kh5 36. Bd4 Bd8 37. Bc3 Bb6 38. Bf6 Be3 39. f5 exf5 40. exf5 Bg5 41. Bd4 Bd8 42. f6 Kg6 43. Kxh4 g2 44. Kh3 Bxf6 45. Be3 1/2-1/2

[Event "Novi Sad op"]
[Site "Novi Sad"]
[Date "2014.06.27"]
[Round "1"]
[White "Akshat, Chandra"]
[Black "Bodiroga, Predrag"]
[Result "1-0"]
[WhiteElo "2442"]
[BlackElo "2368"]
[PlyCount "63"]
[EventDate "2014.06.27"]
[EventType "swiss"]
[EventRounds "10"]
[EventCountry "SRB"]
[SourceTitle "EXT 2016"]
[Source "ChessBase"]
[SourceDate "2015.10.08"]
[SourceVersion "1"]
[SourceVersionDate "2015.10.08"]
[SourceQuality "1"]

1. e4 c6 2. d4 d5 3. Nc3 dxe4 4. Nxe4 Nd7 5. Ng5 Ndf6 6. Bc4 Nd5 7. N1f3 g6 8. 0-0 Bg7 9. Qe2 Ngf6 10. Ne5 0-0 11. Bb3 Ne8 12. Ngf3 a5 13. a3 a4 14. Ba2 Be6 15. c4 Ndc7 16. Rd1 Ra6 17. Be3 f6 18. Nd3 Bf7 19. Nc5 Ra7 20. d5 cxd5 21. Nd7 Qxd7 22. Bxa7 b5 23. cxd5 Nxd5 24. Bc5 Nec7 25. Bb6 Na8 26. Ba5 e6 27. Nd4 Rb8 28. Nxe6 Bxe6 29. Qxe6+ Qxe6 30. Bxd5 Qxd5 31. Rxd5 f5 32. Rad1 1-0

[Event "Forni di Sopra op 3rd"]
[Site "Forni di Sopra"]
[Date "2012.06.18"]
[Round "3"]
[White "Akshat, Chandra"]
[Black "Pozzobon, Davide"]
[Result "1-0"]
[WhiteElo "2146"]
[BlackElo "1884"]
[PlyCount "61"]
[EventDate "2012.06.16"]
[EventType "swiss"]
[EventRounds "9"]
[EventCountry "ITA"]
[SourceTitle "CBM 149 Extra"]
[Source "ChessBase"]
[SourceDate "2012.08.24"]
[SourceVersion "1"]
[SourceVersionDate "2012.08.24"]
[SourceQuality "1"]

1. e4 c5 2. Nf3 d6 3. d4 cxd4 4. Nxd4 Nf6 5. Nc3 g6 6. Be3 Bg7 7. f3 0-0 8. Qd2 Nc6 9. 0-0-0 Nxd4 10. Bxd4 Be6 11. Kb1 Qc7 12. Nd5 Bxd5 13. exd5 Rfc8 14. Rc1 Qd7 15. g4 Qa4 16. c3 Qa5 17. g5 Nd7 18. Bxg7 Kxg7 19. Bh3 Rc7 20. Bxd7 Rxd7 21. h4 e6 22. dxe6 fxe6 23. h5 Qf5+ 24. Ka1 Rh8 25. Rh4 h6 26. Rg1 Qxf3 27. Rhg4 Rf7 28. a3 Rf5 29. gxh6+ Rxh6 30. Qxd6 Rfxh5 31. Rf4 1-0

[Event "Ortisei Server24 op 1st"]
[Site "Ortisei"]
[Date "2012.06.03"]
[Round "2"]
[White "Akshat, Chandra"]
[Black "Blaeser, Romain"]
[Result "1-0"]
[WhiteElo "2146"]
[BlackElo "1991"]
[PlyCount "55"]
[EventDate "2012.06.02"]
[EventType "swiss"]
[EventRounds "9"]
[EventCountry "ITA"]
[SourceTitle "EXT 2014"]
[Source "ChessBase"]
[SourceDate "2013.11.20"]
[SourceVersion "1"]
[SourceVersionDate "2013.11.20"]
[SourceQuality "1"]

1. e4 c5 2. Nf3 Nc6 3. d4 cxd4 4. Nxd4 g6 5. Nc3 Bg7 6. Be3 Nf6 7. Bc4 Qa5 8. 0-0 0-0 9. Bb3 d6 10. h3 Bd7 11. Re1 Nxd4 12. Bxd4 Bc6 13. Nd5 Rfe8 14. Bc3 Qd8 15. Nxf6+ exf6 16. Qd4 Qe7 17. Rad1 a5 18. a4 Qe5 19. Qxd6 Qxd6 20. Rxd6 f5 21. e5 Bf8 22. Rf6 Re7 23. e6 Be8 24. exf7+ Bxf7 25. Rxe7 Bxb3 26. Rxb7 Bxc2 27. Rff7 Rd8 28. Rxh7 1-0

[Event "Salento op 1st"]
[Site "Gallipoli"]
[Date "2012.05.20"]
[Round "2"]
[White "Akshat, Chandra"]
[Black "Arnetta, Maria Teresa"]
[Result "1-0"]
[WhiteElo "2146"]
[BlackElo "2020"]
[PlyCount "81"]
[EventDate "2012.05.19"]
[EventType "swiss"]
[EventRounds "9"]
[EventCountry "ITA"]
[SourceTitle "CBM 148 Extra"]
[Source "ChessBase"]
[SourceDate "2012.06.22"]
[SourceVersion "1"]
[SourceVersionDate "2012.06.22"]
[SourceQuality "1"]

1. e4 c5 2. Nf3 Nc6 3. d4 cxd4 4. Nxd4 e5 5. Nb5 d6 6. N1c3 a6 7. Na3 b5 8. Nd5 Nge7 9. c4 Nxd5 10. cxd5 Nd4 11. Be3 f5 12. Bxd4 exd4 13. exf5 Qg5 14. Bd3 Qxg2 15. Qe2+ Be7 16. 0-0-0 Qg5+ 17. Kb1 Bxf5 18. Rhe1 Ra7 19. Nc2 Bxd3 20. Rxd3 0-0 21. Nxd4 Rf7 22. Nc6 Rc7 23. Ka1 Bf8 24. f3 g6 25. Qe8 Kg7 26. a3 a5 27. Ka2 b4 28. Nd8 Qf5 29. Ne6+ Kg8 30. Re4 Rce7 31. Qc8 b3+ 32. Rxb3 a4 33. Rd3 Qf6 34. Rdd4 Qxf3 35. Qc2 Bh6 36. Qxa4 Bg7 37. Rc4 Qd3 38. Qa8+ Bf8 39. Red4 Qf3 40. Rf4 Qd3 41. Qxf8+ 1-0

[Event "New Delhi Parsvnath op 10th"]
[Site "New Delhi"]
[Date "2012.01.21"]
[Round "9"]
[White "Narayanan, Sunilduth Lyna"]
[Black "Akshat, Chandra"]
[Result "1-0"]
[WhiteElo "2320"]
[BlackElo "2087"]
[PlyCount "87"]
[EventDate "2012.01.15"]
[EventType "swiss"]
[EventRounds "11"]
[EventCountry "IND"]
[SourceTitle "CBM 146 Extra"]
[Source "ChessBase"]
[SourceDate "2012.02.29"]
[SourceVersion "1"]
[SourceVersionDate "2012.02.29"]
[SourceQuality "1"]

1. d4 Nf6 2. c4 e6 3. Nc3 d5 4. cxd5 exd5 5. Bg5 Nbd7 6. e3 c6 7. Qc2 Be7 8. Bd3 0-0 9. Nf3 Re8 10. 0-0 Nf8 11. h3 g6 12. a3 Ne6 13. Bh4 Ng7 14. b4 a6 15. Bxf6 Bxf6 16. a4 Bf5 17. b5 axb5 18. axb5 Qd6 19. bxc6 bxc6 20. Bxf5 Nxf5 21. Na4 Rec8 22. Rfc1 Ng7 23. Rab1 Ra6 24. Nb6 Rc7 25. Na4 Rc8 26. Nc5 Raa8 27. Rb7 Rc7 28. Rxc7 Qxc7 29. Nd3 Rc8 30. Nb4 Qd6 31. Qa4 Nf5 32. Rxc6 Rxc6 33. Nxc6 Kg7 34. Nce5 Bxe5 35. dxe5 Qc5 36. g4 Ne7 37. Qf4 Ng8 38. e6 f6 39. Nd4 Qc1+ 40. Kg2 Qc5 41. Qb8 Qe7 42. Qb5 Qd6 43. Qd7+ Qe7 44. Nc6 1-0

[Event "World Amateur-ch"]
[Site "Antalya"]
[Date "2011.10.07"]
[Round "6"]
[White "Akshat, Chandra"]
[Black "Ozdemir, Timur"]
[Result "0-1"]
[WhiteElo "1995"]
[BlackElo "1956"]
[PlyCount "90"]
[EventDate "2011.10.01"]
[EventType "swiss"]
[EventRounds "9"]
[EventCountry "TUR"]
[SourceTitle "CBM 144 Extra"]
[Source "ChessBase"]
[SourceDate "2011.10.28"]
[SourceVersion "1"]
[SourceVersionDate "2011.10.28"]
[SourceQuality "1"]

1. e4 c5 2. Nf3 d6 3. d4 cxd4 4. Nxd4 Nf6 5. Nc3 a6 6. Be3 e6 7. g4 Qc7 8. g5 Nfd7 9. Qd2 b5 10. 0-0-0 Nb6 11. Bd3 N8d7 12. h4 Bb7 13. h5 Nc5 14. f3 b4 15. Nce2 d5 16. Nb3 0-0-0 17. Nxc5 Bxc5 18. Bxc5 Qxc5 19. Qf4 dxe4 20. fxe4 Rd7 21. Kb1 Rhd8 22. Nc1 Nc4 23. Nb3 Qe5 24. Qxe5 Nxe5 25. Nc5 Rd4 26. Kc1 R8d6 27. Be2 Kc7 28. Rxd4 Rxd4 29. Nxa6+ Kb6 30. c3 bxc3 31. bxc3 Rxe4 32. Nb4 Rxb4 33. cxb4 Bxh1 34. a4 Bf3 35. a5+ Kb7 36. Bf1 Nc6 37. a6+ Kb6 38. b5 Na7 39. h6 gxh6 40. gxh6 Be4 41. Kd2 Nxb5 42. Ke3 Nd6 43. Kd4 Bg6 44. Ke5 Nf5 45. Kf6 Nxh6 0-1

[Event "IND-chB 49th"]
[Site "Aurangabad"]
[Date "2011.06.16"]
[Round "1"]
[White "Akshat, Chandra"]
[Black "Konguvel, Ponnuswamy"]
[Result "0-1"]
[WhiteElo "1940"]
[BlackElo "2402"]
[PlyCount "76"]
[EventDate "2011.06.16"]
[EventType "swiss"]
[EventRounds "13"]
[EventCountry "IND"]
[SourceTitle "CBM 143 Extra"]
[Source "ChessBase"]
[SourceDate "2011.08.29"]
[SourceVersion "1"]
[SourceVersionDate "2011.08.29"]
[SourceQuality "1"]

1. e4 c5 2. Nf3 Nc6 3. d4 cxd4 4. Nxd4 e6 5. Nc3 Qc7 6. g3 a6 7. Bg2 d6 8. 0-0 Be7 9. a4 Nf6 10. Nb3 b6 11. f4 Bb7 12. Be3 0-0 13. Qe2 Rfe8 14. Qf2 Nd7 15. Rad1 Rab8 16. Ne2 Ba8 17. Ned4 Nf6 18. Qe2 Nxd4 19. Bxd4 e5 20. Bc3 b5 21. axb5 Rxb5 22. Nd2 Bb7 23. Nc4 Rc5 24. b3 a5 25. Qe1 Ra8 26. fxe5 dxe5 27. Rf5 Nd7 28. Qd2 g6 29. Rff1 Nf6 30. Rde1 Ba6 31. Ra1 Bxc4 32. bxc4 a4 33. Bb4 Rxc4 34. Bxe7 Qxe7 35. Qd3 Rac8 36. Ra2 Kg7 37. Rfa1 Qc5+ 38. Kh1 Ng4 0-1